Castles of the North - A Song Of Ice And Fire - Statistics

General Stats
  • This quiz has been taken 229 times
    209 since last reset
  • The average score is 8 of 15
Answer Stats
Noble House Seat % Correct
Stark Winterfell
100%
Bolton The Dreadfort
77%
Mormont Bear Island
66%
Karstark Karhold
66%
Manderly New Castle
66%
Umber The Last Hearth
64%
Glover Deepwood Motte
55%
Reed Greywater Watch
50%
Hornwood Hornwood
48%
Tallhart Torrhen's Square
46%
Cerwyn Castle Cerwyn
43%
Dustin Barrow Hall
37%
Flint Flint's Finger
30%
Flint Widow's Watch
28%
Locke Oldcastle
19%
No matching quizzes found
Score Distribution
Percent of People with Each Score
Percentile by Number Answered
Your Score History
You have not taken this quiz since the last reset